Paroles - Je sais pas danser (Pomme) - Statistiques

Statistiques générales
  • Ce quiz a été pris 78 fois
  • Le résultat moyen est 81 sur 97
Statistiques - réponses
Paroles % Correct
danser
100%
danser
100%
je
100%
Je
100%
Je
100%
Je
100%
Je
100%
Je
100%
Je
100%
je
100%
Je
100%
je
100%
Je
100%
Je
100%
pas
100%
pas
100%
pas
100%
pas
100%
pas
100%
pas
100%
pas
100%
pas
100%
pas
100%
pas
100%
sais
100%
sais
100%
sais
100%
sais
100%
me
89%
me
89%
me
89%
me
89%
Des
85%
Des
85%
Des
85%
Des
85%
Des
85%
Des
85%
Des
85%
Des
85%
Et
84%
Et
84%
Et
84%
n'veux
84%
n'veux
84%
n'veux
84%
n'veux
84%
n'veux
84%
découvrir
82%
découvrir
82%
failles
82%
failles
82%
failles
82%
failles
82%
failles
82%
failles
82%
failles
82%
failles
82%
le
82%
le
82%
le
82%
tu
80%
tu
80%
sortir
78%
sortir
78%
sortir
78%
la
75%
m'oublier
75%
m'oublier
75%
noir
75%
cauchemar
73%
les
73%
Quand
73%
J'ai
73%
même
73%
préfère
73%
Moi
71%
croire
69%
fait
69%
lumières
69%
Que
69%
vas
69%
tout
67%
nuit
67%
s'en
67%
voir
67%
mon
67%
brûlent
65%
fout
65%
corps
64%
partout
64%
vois
64%
surtout
62%
voulais
60%
Si
60%
compare
58%
fière
56%
Aucun quiz correspondant
Distribution des résultats
% des personnes avec chaque résultat
Percentile par nombre de réponses
Votre historique - résultats
Vous n’avez pas pris ce quiz